000 00624nam a22002177a 4500
999 _c2585
_d2585
003 OSt
005 20210714112137.0
008 210714b ||||| |||| 00| 0 eng d
020 _a9780072917277
040 _cALUPE UNIVERSITY
050 _aRA427.8
_b.H42 2004
100 _aEileen L Daniel
245 _aHealth 04/05/
260 _aMaidenhead :
_bMcGraw-Hill Education,
_c2004.
300 _a221p. :
_c27 cm
440 _aAnnual editions.
650 _aSelf-care, Health -- United States.
650 _aHealth behavior -- United States.
650 _aMedical care -- United States.
942 _2lcc
_cBK
_nSO